| 000 | 01185cam a22003011ia4500 | ||
|---|---|---|---|
| 003 | SA-RiAUC | ||
| 005 | 20250130075208.0 | ||
| 008 | 250128s1989 su g 000 0 ara c | ||
| 040 |
_aSA-JeALM _bara _cSA-RiAUC _erda |
||
| 043 | _aa-su--- | ||
| 082 | 0 | 4 |
_a363.2 _qSA-RiAUC |
| 090 |
_a363.2 _b ق ز ا |
||
| 100 | 1 |
_aقزاز، حسن عبد الحي، _d1338-1421 هجري _eمؤلف. |
|
| 245 | 1 | 2 |
_aالأمن الذي نعيشه / _cحسن عبد الحي قزاز. |
| 250 | _aالطبعة الأولى. | ||
| 264 | 1 |
_aجدة، السعودية : _bحسن عبد الحي قزاز، _c[1989] |
|
| 300 |
_a2 مجلد ؛ _c24 سم |
||
| 336 |
_aنص _btxt _2rdacontent _3كتاب |
||
| 337 |
_aبدون وسيط _bn _2rdamedia |
||
| 338 |
_aمجلد _bnc _2rdacarrier |
||
| 500 | _a2 مجلد ببليوجرافي في 2 مجلد مادي. | ||
| 500 | _aاهداء من المؤلف حسن عبد الحي قزاز. | ||
| 650 | 7 |
_aالأمن القومي _zالسعودية _2aucsh |
|
| 650 | 7 |
_aالأمن الداخلي _zالسعودية _2aucsh |
|
| 650 | 7 |
_aالشرطة _zالسعودية _2aucsh |
|
| 942 |
_2ddc _cBOOK _n0 |
||
| 949 |
_aSA-JeALM _d250128 _umohamedma123 _n1 |
||
| 999 |
_c5452 _d5452 |
||